000 00740nam a22002177a 4500
999 _c17949
_d17949
003 AR-CdUCM
008 190510b ||||| |||| 00| 0 spa d
040 _aMUNICIPALIDAD PROVINCIAL DEL CUSCO
_cBIBLIOTECA MUNICIPAL DEL CUSCO
082 _a551.4 /
_bR85
100 _aRothé, Jean P.
_938226
245 _aSismos y volcanes /
260 _aBarcelona :
_bOikos-tau,
_c1972.
300 _a118 páginas ;
_c18 cm.
440 _aEn lengua castellana
_n73
_938227
505 _aContenido : Estudio macrosísmico de los temblores de tierra -- Las ondas sísmicos -- La sismicidad de la tierra ...
650 _aVolcanes
_922630
650 _aMovimientos
_914998
650 _aSismos
_92092
942 _2ddc
_cLIBROS
945 _arah
_d10/05/2019